000 00180 a2200097 4500
020 _a9780761393399
041 _aspa
100 _aRobin Nelson
245 _aEstaciones
942 _cBK
999 _c14219
_d14219